[Event "Sydney International Challengers"]
[Site "Parramatta, NSW"]
[Date "2010.04.10"]
[Round "7.19"]
[White "Jones, Peter"]
[Black "Damaschino, Lou"]
[Result "0-1"]
[WhiteElo "1834"]
[BlackElo "1410"]
[PlyCount "42"]
[EventDate "2010.04.07"]
[EventType "swiss"]
[EventRounds "9"]
[EventCountry "AUS"]
[SourceDate "2010.04.07"]

1. e4 c6 2. Nf3 d5 3. Nc3 dxe4 4. Nxe4 Bf5 5. Ng3 Bg6 6. Be2 Nd7 7. O-O Ngf6 8.
b3 Qc7 9. Ba3 h5 10. Nh4 O-O-O 11. Nhf5 Bxf5 12. Nxf5 Ng4 13. Bxg4 hxg4 14. g3
Ne5 15. f3 Rxd2 16. Qxd2 Nxf3+ 17. Rxf3 gxf3 18. Re1 e6 19. Bd6 f2+ 20. Kg2
fxe1=Q 21. Ne7+ Bxe7 0-1

[Event "Sydney International Challengers"]
[Site "Parramatta, NSW"]
[Date "2010.04.10"]
[Round "7.21"]
[White "Weltner, Michael"]
[Black "Accola, Tom"]
[Result "1-0"]
[WhiteElo "1303"]
[BlackElo "839"]
[PlyCount "85"]
[EventDate "2010.04.07"]
[EventType "swiss"]
[EventRounds "9"]
[EventCountry "AUS"]
[SourceDate "2010.04.07"]

1. e4 c5 2. Nf3 d6 3. c3 Nf6 4. Be2 a6 5. e5 dxe5 6. Nxe5 e6 7. d4 cxd4 8. cxd4
Bd6 9. Qa4+ Nbd7 10. O-O O-O 11. Bg5 Nxe5 12. dxe5 Bxe5 13. Qb3 h6 14. Rd1 Qc7
15. Bxf6 Bxf6 16. Nc3 b5 17. Rac1 Qb6 18. Na4 Qa7 19. Nc5 Rd8 20. Rxd8+ Bxd8
21. Qd3 Be7 22. Bf3 Rb8 23. b4 a5 24. a3 axb4 25. axb4 Qa2 26. h3 Bh4 27. g3
Bg5 28. Rd1 e5 29. Qd6 Qa7 30. Qxe5 Bxh3 31. Kh2 Be6 32. Nxe6 Qxf2+ 33. Bg2
fxe6 34. Qxb8+ Kh7 35. Qxb5 Qe3 36. Qd3+ Qxd3 37. Rxd3 Be7 38. Be4+ Kg8 39. b5
Bc5 40. Rc3 Bb6 41. Rc6 Be3 42. Bg6 e5 43. Rc8# 1-0

[Event "Sydney International Challengers"]
[Site "Parramatta, NSW"]
[Date "2010.04.10"]
[Round "7.22"]
[White "Christian, Kashish"]
[Black "Nakauchi, Kenji"]
[Result "0-1"]
[WhiteElo "654"]
[BlackElo "1262"]
[PlyCount "114"]
[EventDate "2010.04.07"]
[EventType "swiss"]
[EventRounds "9"]
[EventCountry "AUS"]
[SourceDate "2010.04.07"]

1. e4 e6 2. e5 d5 3. d4 c5 4. c3 Nc6 5. Be3 Qb6 6. b3 cxd4 7. Bxd4 Nxd4 8. Qxd4
Qxd4 9. cxd4 Bb4+ 10. Nd2 Bc3 11. Rc1 Bxd4 12. Ngf3 Bb6 13. Bd3 Ne7 14. O-O O-O
15. Rfe1 Ng6 16. g3 Bd7 17. Bf1 Bc6 18. Bg2 Ba5 19. Red1 Bc7 20. Re1 Rfd8 21.
Rcd1 Rac8 22. a4 b5 23. Nd4 Be8 24. axb5 Bxe5 25. N2f3 Bxd4 26. Nxd4 Rb8 27.
Bf1 e5 28. Nf3 f6 29. Bg2 Rxb5 30. Re3 Bf7 31. h4 d4 32. Red3 Rxb3 33. h5 Nf8
34. Rxb3 Bxb3 35. Rb1 Bc2 36. Rc1 d3 37. Nd2 a5 38. Ra1 a4 39. Ra3 h6 40. Be4
Ne6 41. Bg6 Nc5 42. Kf1 Nb3 43. Ke1 Nxd2 44. Kxd2 Bb3 45. f3 Bc2 46. Bxd3 Rxd3+
47. Rxd3 Bxd3 48. Kxd3 Kf7 49. Kc3 Ke6 50. Kb4 Kd5 51. Kxa4 Kd4 52. Kb3 Ke3 53.
Kc3 Kxf3 54. Kd3 Kxg3 55. Ke4 Kg4 56. Ke3 Kxh5 57. Ke4 g5 0-1

[Event "Sydney International Challengers"]
[Site "Parramatta, NSW"]
[Date "2010.04.10"]
[Round "7.24"]
[White "Mithran, Mishael"]
[Black "Childs, Stephen"]
[Result "1/2-1/2"]
[WhiteElo "667"]
[BlackElo "1132"]
[PlyCount "81"]
[EventDate "2010.04.07"]
[EventType "swiss"]
[EventRounds "9"]
[EventCountry "AUS"]
[SourceDate "2010.04.07"]

1. e4 c5 2. c3 d6 3. d4 cxd4 4. cxd4 e6 5. Nf3 Nf6 6. Nc3 a6 7. Bg5 Be7 8. Bd3
O-O 9. O-O Nc6 10. Qb3 b5 11. a4 Na5 12. Qc2 bxa4 13. Qxa4 Nb7 14. Qc6 Qd7 15.
Qxd7 Bxd7 16. Bxa6 Rfb8 17. Bxb7 Rxa1 18. Rxa1 Rxb7 19. Bxf6 gxf6 20. h3 Bc6
21. Ra8+ Kg7 22. Rc8 Bd7 23. Rc4 e5 24. d5 f5 25. Ne1 fxe4 26. Nxe4 f5 27. Nc3
Kf7 28. Nd3 e4 29. Rb4 Ra7 30. Nf4 Bg5 31. Nce2 Kf6 32. Nh5+ Ke5 33. f4+ exf3
34. gxf3 Kxd5 35. Rd4+ Kc6 36. Kg2 Rb7 37. Rc4+ Kd5 38. Rc2 Ke6 39. Kg3 Ba4 40.
Nef4+ Kd7 41. Rd2 1/2-1/2

[Event "Sydney International Challengers"]
[Site "Parramatta, NSW"]
[Date "2010.04.10"]
[Round "8.1"]
[White "Pan, Andrew"]
[Black "Stahnke, Alexander"]
[Result "1-0"]
[WhiteElo "1741"]
[BlackElo "1800"]
[PlyCount "129"]
[EventDate "2010.04.07"]
[EventType "swiss"]
[EventRounds "9"]
[EventCountry "AUS"]
[SourceDate "2010.04.07"]

1. d4 g6 2. c4 Bg7 3. Nc3 d6 4. e4 Nd7 5. Be2 e5 6. d5 h6 7. Be3 Ne7 8. f3 f5
9. Bd3 O-O 10. Qd2 f4 11. Bf2 g5 12. a3 Ng6 13. b4 a5 14. Rc1 axb4 15. axb4 Nf6
16. c5 Bd7 17. cxd6 cxd6 18. Nge2 g4 19. Bb5 gxf3 20. gxf3 Nh5 21. Qd3 Bh3 22.
Nb1 Nh4 23. Nd2 Bf6 24. Rg1+ Kh8 25. Kd1 Ng2 26. Nc4 Bg5 27. Kc2 Ra2+ 28. Kb3
Qa8 29. Na5 Rxa5 30. bxa5 Qxa5 31. Ra1 Qd8 32. Rgc1 Ne3 33. Qc3 Bd7 34. Bd3
Qb6+ 35. Qb4 Bd8 36. Ra8 Rg8 37. Qxb6 Bxb6 38. Rxg8+ Kxg8 39. Ra1 Kg7 40. Be1
Nf1 41. Nxf4 Nxf4 42. Bxf1 Kf6 43. Ra8 Ng6 44. Bd2 Bg1 45. Bxh6 Bxh2 46. Rd8
Nh4 47. Rxd7 Nxf3 48. Bd3 Bg1 49. Rxd6+ Kf7 50. Bc1 b6 51. Bb2 Bc5 52. Re6 Bd4
53. Ka2 Ne1 54. Bb1 b5 55. Rc6 Ke7 56. Rc1 Nf3 57. Bxd4 Nxd4 58. Bd3 Kd6 59.
Ka3 Nf3 60. Bxb5 Nd2 61. Bd3 Nf3 62. Rf1 Ng5 63. Rf5 Nh3 64. Bf1 Nf4 65. Kb2
1-0

[Event "Sydney International Challengers"]
[Site "Parramatta, NSW"]
[Date "2010.04.10"]
[Round "8.2"]
[White "Dickson, Ian"]
[Black "Weller, Tony"]
[Result "0-1"]
[WhiteElo "1537"]
[BlackElo "1708"]
[PlyCount "52"]
[EventDate "2010.04.07"]
[EventType "swiss"]
[EventRounds "9"]
[EventCountry "AUS"]
[SourceDate "2010.04.07"]

1. e4 c5 2. Nf3 e6 3. Nc3 Nc6 4. g3 d5 5. exd5 exd5 6. Bg2 Qe7+ 7. Qe2 Nf6 8.
Qxe7+ Bxe7 9. a3 O-O 10. d3 Bf5 11. O-O Rfe8 12. Re1 h6 13. Bd2 a6 14. Ne5 Nd4
15. Rac1 Rad8 16. Nf3 Nxf3+ 17. Bxf3 b5 18. Re5 Be6 19. Rce1 d4 20. Ne4 Nd7 21.
Rh5 f5 22. Ng5 Bxg5 23. Bxg5 hxg5 24. Rxe6 Rxe6 25. Bd5 Kf7 26. Rxg5 Kf6 0-1

[Event "Sydney International Challengers"]
[Site "Parramatta, NSW"]
[Date "2010.04.10"]
[Round "8.3"]
[White "Wan, Dennis"]
[Black "Eustace, Sophie"]
[Result "0-1"]
[WhiteElo "1537"]
[BlackElo "1451"]
[PlyCount "132"]
[EventDate "2010.04.07"]
[EventType "swiss"]
[EventRounds "9"]
[EventCountry "AUS"]
[SourceDate "2010.04.07"]

1. d4 d5 2. c4 e6 3. Nf3 c6 4. g3 Nf6 5. Bg2 Be7 6. O-O O-O 7. Qc2 Nbd7 8. Nbd2
dxc4 9. Qxc4 Qc7 10. b3 e5 11. dxe5 Nxe5 12. Qc2 Bg4 13. Bb2 Nxf3+ 14. exf3 Bh5
15. f4 Rad8 16. Rfe1 Bb4 17. Bc3 Bg6 18. Ne4 Bxc3 19. Qxc3 Nd5 20. Qe5 Qxe5 21.
fxe5 Nb4 22. Rad1 Nd3 23. Re3 Nxe5 24. Rxd8 Rxd8 25. Nc3 f6 26. h3 Kf8 27. Bf1
Rd2 28. a3 Nd3 29. Bxd3 Rxd3 30. Rxd3 Bxd3 31. f4 Ke7 32. Kf2 Kd6 33. Ke3 Bg6
34. b4 c5 35. g4 cxb4 36. axb4 a6 37. Kd4 b6 38. Nd5 Kc6 39. Nc3 Bf7 40. h4 Kd6
41. g5 fxg5 42. Ne4+ Ke7 43. Nxg5 h6 44. Ne4 Ke6 45. Ng3 a5 46. bxa5 bxa5 47.
Kc4 a4 48. Kb4 Be8 49. Ka3 Bd7 50. Kb4 Kd5 51. Kc3 Bg4 52. Kb4 Kd4 53. Kxa4 Ke3
54. f5 Kf4 55. f6 gxf6 56. Nf1 Bh3 57. Nd2 Kg4 58. Kb4 Kxh4 59. Kc3 Bg2 60. Kd3
Kg3 61. Ke2 h5 62. Nb3 h4 63. Nd4 Be4 64. Kf1 h3 65. Ne2+ Kf3 66. Ng1+ Kg4 0-1

[Event "Sydney International Challengers"]
[Site "Parramatta, NSW"]
[Date "2010.04.10"]
[Round "8.4"]
[White "Fernandez, Michael"]
[Black "Anderson Smith, William T"]
[Result "1-0"]
[WhiteElo "1358"]
[BlackElo "1560"]
[PlyCount "93"]
[EventDate "2010.04.07"]
[EventType "swiss"]
[EventRounds "9"]
[EventCountry "AUS"]
[SourceDate "2010.04.07"]

1. e4 e6 2. d4 d5 3. e5 c5 4. c3 Nc6 5. Nf3 Bd7 6. Qc2 Rc8 7. Qe2 cxd4 8. cxd4
Nxd4 9. Nxd4 Rxc1+ 10. Kd2 Rc8 11. Nc3 a6 12. Nb3 Ne7 13. Rc1 Nc6 14. g3 d4 15.
Ne4 Bb4+ 16. Kd1 Nxe5 17. a3 Rxc1+ 18. Nxc1 d3 19. Qe3 Bxa3 20. bxa3 Ba4+ 21.
Ke1 f5 22. Nd2 Qd5 23. f3 O-O 24. Nxd3 Nxd3+ 25. Bxd3 Qc6 26. Kf2 Re8 27. Re1
Kh8 28. Bc4 e5 29. Qd3 Qc8 30. Bf7 Rd8 31. Qe3 Bb5 32. Kg1 Qc2 33. Nf1 e4 34.
fxe4 fxe4 35. Qxe4 Qc5+ 36. Qe3 Qd6 37. Be8 Bc4 38. Bh5 Bb5 39. Bf3 b6 40. Qe5
Qxa3 41. Qc7 Rf8 42. Bg2 Qb4 43. Re4 Qb1 44. Rf4 Re8 45. Qe7 Rg8 46. Bd5 Qd3
47. Bxg8 1-0

[Event "Sydney International Challengers"]
[Site "Parramatta, NSW"]
[Date "2010.04.10"]
[Round "8.5"]
[White "Webster, David"]
[Black "Chau, Bernard"]
[Result "1-0"]
[WhiteElo "1812"]
[BlackElo "1517"]
[PlyCount "131"]
[EventDate "2010.04.07"]
[EventType "swiss"]
[EventRounds "9"]
[EventCountry "AUS"]
[SourceDate "2010.04.07"]

1. e4 e6 2. d3 d5 3. Nd2 c5 4. Ngf3 Nf6 5. g3 Bd6 6. e5 Bc7 7. exf6 gxf6 8. Bg2
e5 9. O-O Be6 10. c3 Qd7 11. Re1 Nc6 12. a3 h5 13. h4 O-O-O 14. b4 Bb6 15. bxc5
Bxc5 16. Nb3 Bb6 17. Be3 Bh3 18. Bxb6 axb6 19. Bh1 Rdg8 20. Kh2 Rg6 21. c4 Ne7
22. cxd5 Nxd5 23. Nxe5 fxe5 24. Bxd5 Qxd5 25. Kxh3 Rhg8 26. d4 exd4 27. Nxd4
Qd7+ 28. Kh2 Kb8 29. Nf3 Qf5 30. Ra2 Rf6 31. Ne5 Rh6 32. Rd2 b5 33. Rd8+ Rxd8
34. Qxd8+ Ka7 35. Qd4+ b6 36. Qd7+ Qxd7 37. Nxd7 Ka6 38. Re7 b4 39. axb4 f5 40.
Rf7 Kb5 41. Rxf5+ Kxb4 42. Nxb6 Rxb6 43. Rxh5 Kc4 44. Re5 Rf6 45. f4 Kd4 46.
Kh3 Rf7 47. h5 Rf8 48. Kh4 Rg8 49. Rg5 Rh8 50. Rg6 Ke4 51. Kg5 Rf8 52. Re6+ Kf3
53. g4 Rg8+ 54. Rg6 Rh8 55. h6 Ke4 56. Rg7 Kd5 57. h7 Ke6 58. Kg6 Rf8 59. Rg8
Rxf4 60. Re8+ Kd7 61. h8=Q Rxg4+ 62. Kf5 Rb4 63. Rd8+ Kc6 64. Qf6+ Kc5 65. Qe7+
Kc4 66. Qxb4+ 1-0

[Event "Sydney International Challengers"]
[Site "Parramatta, NSW"]
[Date "2010.04.10"]
[Round "8.6"]
[White "Beahan, Patrick"]
[Black "Chau, Adrian"]
[Result "0-1"]
[WhiteElo "1301"]
[BlackElo "1665"]
[PlyCount "120"]
[EventDate "2010.04.07"]
[EventType "swiss"]
[EventRounds "9"]
[EventCountry "AUS"]
[SourceDate "2010.04.07"]

1. e4 c5 2. Nf3 e6 3. d4 cxd4 4. Nxd4 a6 5. Nc3 Nc6 6. Be3 Bb4 7. Nxc6 bxc6 8.
Qd4 Bxc3+ 9. Qxc3 Nf6 10. Bd3 O-O 11. O-O Qc7 12. f3 d5 13. e5 Nd7 14. f4 c5
15. Qe1 f5 16. c3 Bb7 17. Rc1 Qc6 18. Qg3 Rf7 19. Be2 Rc8 20. h4 Qa4 21. a3 Qb3
22. Rb1 Nb6 23. Bd1 Qb5 24. b3 Qd3 25. Bh5 Rd7 26. Rbc1 Qb5 27. Qf2 Rdc7 28. a4
Qc6 29. Bf3 Qe8 30. Rfd1 Qe7 31. a5 Nd7 32. h5 Nf8 33. Rb1 g6 34. h6 Nd7 35.
Rbc1 Bc6 36. Qg3 Rb8 37. Rb1 Rb5 38. Bh5 Qf7 39. Qg5 Rc8 40. b4 Rcb8 41. Be2 c4
42. g4 Kh8 43. Rd2 Rxa5 44. Rbd1 Ra3 45. Bd4 a5 46. bxa5 Rxa5 47. Kf2 Rf8 48.
Kg3 Nc5 49. Bf3 Nb3 50. Bb6 Ra6 51. Bd8 Nxd2 52. Bf6+ Kg8 53. Rxd2 Re8 54. gxf5
exf5 55. Re2 Qe6 56. Bh5 Qf7 57. Bg7 gxh5 58. Bf6+ Qg6 59. e6 Ba4 60. Kh4 Qxg5+
0-1

[Event "Sydney International Challengers"]
[Site "Parramatta, NSW"]
[Date "2010.04.10"]
[Round "8.7"]
[White "Tenorio, Leonardo"]
[Black "Bortsova, Natasha"]
[Result "0-1"]
[WhiteElo "1644"]
[BlackElo "1247"]
[PlyCount "98"]
[EventDate "2010.04.07"]
[EventType "swiss"]
[EventRounds "9"]
[EventCountry "AUS"]
[SourceDate "2010.04.07"]

1. e4 d6 2. Nf3 Nf6 3. Nc3 g6 4. d4 Bg7 5. h3 b6 6. Be3 Bb7 7. Bd3 c5 8. e5 Nd5
9. Bb5+ Nd7 10. e6 fxe6 11. Ng5 Nc7 12. Qg4 a6 13. Nxh7 Rxh7 14. Qxg6+ Kf8 15.
Qxh7 axb5 16. Bh6 Bxh6 17. Qxh6+ Ke8 18. Qg6+ Kf8 19. h4 Nf6 20. Rh3 b4 21. f3
bxc3 22. bxc3 Nfd5 23. Rg3 Nf4 24. Qh6+ Ke8 25. Qxf4 Kd7 26. Rg5 Qh8 27. g3 Qh7
28. Kd2 Nd5 29. Qe4 Qxe4 30. fxe4 Nf6 31. Kd3 Nxe4 32. Rg7 Ra3 33. Ke3 Rxc3+
34. Kf4 Nf6 35. g4 Rf3+ 36. Kg5 Rg3 37. Kf4 Nh5+ 38. gxh5 Rxg7 39. h6 Rg6 40.
h5 Rxh6 41. Kg5 Rh7 42. Re1 Bf3 43. h6 d5 44. dxc5 bxc5 45. a4 Be4 46. c3 Kc6
47. c4 Kb6 48. Re2 Ka5 49. Rh2 Kxa4 0-1

[Event "Sydney International Challengers"]
[Site "Parramatta, NSW"]
[Date "2010.04.10"]
[Round "8.8"]
[White "Ali, Mosaddeque"]
[Black "Simmonds, Leteisha"]
[Result "1-0"]
[WhiteElo "1690"]
[BlackElo "1424"]
[PlyCount "59"]
[EventDate "2010.04.07"]
[EventType "swiss"]
[EventRounds "9"]
[EventCountry "AUS"]
[SourceDate "2010.04.07"]

1. f4 d5 2. Nf3 g6 3. g3 Bg7 4. Bg2 c5 5. d3 Nc6 6. O-O Nf6 7. c3 e6 8. Na3 b6
9. Qe1 Bb7 10. e4 O-O 11. e5 Ne8 12. g4 Nc7 13. g5 b5 14. Nc2 a5 15. Ne3 Ne7
16. Ng4 Nf5 17. Nh4 Qb8 18. Nxf5 exf5 19. Nf6+ Bxf6 20. gxf6 Ne6 21. Qh4 h5 22.
Bf3 d4 23. Bxh5 gxh5 24. Kf2 Rc8 25. Qxh5 Bg2 26. Kxg2 dxc3 27. Kf2 cxb2 28.
Rg1+ Ng7 29. Rxg7+ Kf8 30. Qh8# 1-0

[Event "Sydney International Challengers"]
[Site "Parramatta, NSW"]
[Date "2010.04.10"]
[Round "8.9"]
[White "Chen, Vincent"]
[Black "Dale, Ari"]
[Result "1/2-1/2"]
[WhiteElo "1439"]
[BlackElo "1388"]
[PlyCount "83"]
[EventDate "2010.04.07"]
[EventType "swiss"]
[EventRounds "9"]
[EventCountry "AUS"]
[SourceDate "2010.04.07"]

1. e4 c6 2. d4 d5 3. exd5 cxd5 4. c4 Nf6 5. Nc3 e6 6. Nf3 Be7 7. Be2 dxc4 8.
Bxc4 O-O 9. O-O Nbd7 10. d5 Nb6 11. Bb3 Nbxd5 12. Bd2 Nxc3 13. Bxc3 Qxd1 14.
Rfxd1 b6 15. Rd3 Ba6 16. Rdd1 Rfd8 17. Nd4 Bc5 18. Nc6 Rxd1+ 19. Rxd1 Bb7 20.
Ne5 Nd5 21. Nd7 Bd6 22. Bxd5 Bxd5 23. a3 Be7 24. Ne5 f6 25. Nd3 Rd8 26. Nb4 Bb7
27. Rxd8+ Bxd8 28. f3 Kf7 29. Kf2 e5 30. Ke3 Ke6 31. Nd3 Be7 32. g4 a5 33. f4
e4 34. Nf2 Bc5+ 35. Bd4 Bxd4+ 36. Kxd4 f5 37. gxf5+ Kxf5 38. Ke3 h6 39. b4 axb4
40. axb4 g6 41. h3 b5 42. Nh1 1/2-1/2

[Event "Sydney International Challengers"]
[Site "Parramatta, NSW"]
[Date "2010.04.10"]
[Round "8.10"]
[White "Plant, John Stuart"]
[Black "Zhou, Thomas"]
[Result "1-0"]
[WhiteElo "1700"]
[BlackElo "1271"]
[PlyCount "123"]
[EventDate "2010.04.07"]
[EventType "swiss"]
[EventRounds "9"]
[EventCountry "AUS"]
[SourceDate "2010.04.07"]

1. e4 c5 2. d3 d6 3. Nf3 Nc6 4. Be2 Nf6 5. c3 g6 6. h3 Bg7 7. Be3 e5 8. Nbd2
Be6 9. Ng5 O-O 10. Nxe6 fxe6 11. O-O b6 12. Nf3 h6 13. Qd2 Kh7 14. Nh2 d5 15.
Qc2 Rc8 16. Rad1 d4 17. Bc1 dxc3 18. bxc3 Qc7 19. Ng4 Nxg4 20. Bxg4 Nd8 21. Qb3
c4 22. dxc4 Qxc4 23. Rd7 Qxb3 24. axb3 Kg8 {Black offered a draw.} 25. c4 h5
26. Bf3 Nc6 27. Ba3 Rfd8 28. Rfd1 Nd4 29. Rxd8+ Rxd8 30. Rd3 Nxf3+ 31. Rxf3 Rd4
32. c5 bxc5 33. Bxc5 Rxe4 34. Bxa7 Rb4 35. Bc5 Rb5 36. b4 Bh6 37. Kf1 Bd2 38.
Rb3 Kf7 39. Ke2 Bg5 40. Kd3 Ke8 41. Kc4 Rb7 42. Rg3 Be7 43. Rxg6 Bxc5 44. bxc5
Kf7 45. Rg3 Rb2 46. c6 Ke7 47. Rg7+ Kd6 48. c7 Rxf2 49. Kd3 Rf8 50. Ke4 h4 51.
Rh7 Rf4+ 52. Ke3 Rc4 53. Kf3 Rxc7 54. Rxc7 Kxc7 55. Kg4 Kd6 56. Kxh4 Kd5 57.
Kg3 Ke4 58. Kf2 Kd3 59. Ke1 Ke3 60. h4 Kf4 61. g3+ Kg4 62. Ke2 1-0

[Event "Sydney International Challengers"]
[Site "Parramatta, NSW"]
[Date "2010.04.10"]
[Round "8.11"]
[White "Wan, Kinto"]
[Black "Roche, Stephen"]
[Result "1-0"]
[WhiteElo "1538"]
[BlackElo "1168"]
[PlyCount "69"]
[EventDate "2010.04.07"]
[EventType "swiss"]
[EventRounds "9"]
[EventCountry "AUS"]
[SourceDate "2010.04.07"]

1. e4 e5 2. Nf3 Nc6 3. Bb5 a6 4. Ba4 Nf6 5. Nc3 Be7 6. O-O d6 7. Bxc6+ bxc6 8.
d4 exd4 9. Nxd4 Bb7 10. Qe2 O-O 11. Nf5 Re8 12. Bg5 Bf8 13. Qd3 a5 14. f4 Ba6
15. Qg3 Kh8 16. Rfe1 g6 17. e5 dxe5 18. fxe5 Nh5 19. Bxd8 Nxg3 20. Bf6+ Kg8 21.
Nxg3 Re6 22. Nge4 Bc4 23. b3 Bd5 24. Red1 Bb4 25. Nxd5 cxd5 26. Rxd5 Rae8 27.
a3 Bf8 28. Rxa5 Bh6 29. Rd1 Be3+ 30. Kf1 Bb6 31. Rad5 c6 32. Rd6 Rxd6 33. Rxd6
h6 34. Rxc6 Bd4 35. Rd6 1-0

[Event "Sydney International Challengers"]
[Site "Parramatta, NSW"]
[Date "2010.04.10"]
[Round "8.12"]
[White "Canfell, Mike J"]
[Black "Damaschino, Lou"]
[Result "1-0"]
[WhiteElo "1587"]
[BlackElo "1410"]
[PlyCount "57"]
[EventDate "2010.04.07"]
[EventType "swiss"]
[EventRounds "9"]
[EventCountry "AUS"]
[SourceDate "2010.04.07"]

1. e4 c5 2. Nf3 d6 3. Bb5+ Bd7 4. Bxd7+ Qxd7 5. O-O Nc6 6. c3 Rc8 7. Qe2 e5 8.
Na3 g6 9. Nc2 Bg7 10. d3 Nge7 11. Nh4 O-O 12. f4 d5 13. f5 Bf6 14. Qf2 gxf5 15.
Nxf5 Nxf5 16. Qxf5 Qxf5 17. Rxf5 dxe4 18. Rxf6 exd3 19. Ne3 Nd4 20. cxd4 cxd4
21. Nf5 Rc7 22. Bh6 Rfc8 23. Rd1 e4 24. Nxd4 Rd7 25. Nf5 Rc6 26. Rxc6 bxc6 27.
Kf2 Rb7 28. Rd2 Rb5 29. g4 1-0

[Event "Sydney International Challengers"]
[Site "Parramatta, NSW"]
[Date "2010.04.10"]
[Round "8.13"]
[White "Greenwood, Norman"]
[Black "Reynolds, Paul"]
[Result "0-1"]
[WhiteElo "1355"]
[BlackElo "1443"]
[PlyCount "78"]
[EventDate "2010.04.07"]
[EventType "swiss"]
[EventRounds "9"]
[EventCountry "AUS"]
[SourceDate "2010.04.07"]

1. d4 f5 2. Nf3 Nf6 3. e3 e6 4. Nc3 Be7 5. d5 d6 6. Bb5+ c6 7. dxc6 bxc6 8. Bc4
O-O 9. O-O Qc7 10. a3 d5 11. Ba2 e5 12. b4 a6 13. Bb2 Nbd7 14. Ne2 e4 15. Ne1
Ng4 16. g3 Bb7 17. c4 Nb6 18. Nf4 Kh8 19. Ne6 Qd6 20. Nxf8 Qh6 21. h4 Bxh4 22.
Kg2 Bxg3 23. Rh1 Qxh1+ 24. Kxh1 Nxf2+ 25. Kg2 Nxd1 26. Rxd1 Bxe1 27. Rxe1 Rxf8
28. Bd4 Nxc4 29. Bxc4 dxc4 30. Kg3 Kg8 31. Rg1 g5 32. Rc1 f4+ 33. exf4 gxf4+
34. Kf2 e3+ 35. Kf1 Re8 36. Ke2 f3+ 37. Ke1 Bc8 38. Rc3 f2+ 39. Kf1 Bh3+ 0-1

[Event "Sydney International Challengers"]
[Site "Parramatta, NSW"]
[Date "2010.04.10"]
[Round "8.14"]
[White "Tracey, Michael"]
[Black "Koh, Cedric"]
[Result "0-1"]
[WhiteElo "1370"]
[BlackElo "1461"]
[PlyCount "122"]
[EventDate "2010.04.07"]
[EventType "swiss"]
[EventRounds "9"]
[EventCountry "AUS"]
[SourceDate "2010.04.07"]

1. b4 e6 2. a3 Nf6 3. Bb2 d5 4. Nf3 c5 5. b5 Bd6 6. e3 Nbd7 7. c4 b6 8. d3 Bb7
9. Nbd2 Qc7 10. Be2 O-O 11. h3 Rad8 12. a4 e5 13. cxd5 Bxd5 14. e4 Bb7 15. Rc1
Qb8 16. O-O Rfe8 17. Qc2 Nf8 18. Nc4 Bc7 19. Bc3 N6d7 20. Qb2 f6 21. Qa2 Kh8
22. Nh4 Ne6 23. g3 Nd4 24. Bxd4 exd4 25. Kg2 g6 26. f4 Re7 27. Nf3 Rde8 28.
Nfd2 f5 29. Bf3 Bxf4 30. gxf4 Qxf4 31. Rce1 Ne5 32. Nxe5 Rxe5 33. Qc2 Qh4 34.
Kh2 Qf4+ 35. Kg1 Qg3+ 36. Bg2 fxe4 37. Nxe4 Bxe4 38. dxe4 Rg5 39. Qf2 Qxf2+ 40.
Rxf2 Kg7 41. Kf1 Rg3 42. Ra1 Re7 43. Rf3 Rxf3+ 44. Bxf3 h5 45. Ke2 Kf6 46. Kd3
Ke5 47. a5 Re6 48. axb6 axb6 49. Rf1 Re7 50. h4 Ra7 51. Kc4 Ra4+ 52. Kd3 c4+
53. Kc2 Ra2+ 54. Kb1 Rh2 55. Rh1 Rf2 56. Rh3 c3 57. Kc1 Kf4 58. Bd1 Rf1 59. Rh2
Kxe4 60. Rg2 d3 61. Rxg6 c2 0-1

[Event "Sydney International Challengers"]
[Site "Parramatta, NSW"]
[Date "2010.04.10"]
[Round "8.15"]
[White "Behar, Joshua"]
[Black "Stahnke, Axel"]
[Result "1-0"]
[WhiteElo "1423"]
[BlackElo "1412"]
[PlyCount "67"]
[EventDate "2010.04.07"]
[EventType "swiss"]
[EventRounds "9"]
[EventCountry "AUS"]
[SourceDate "2010.04.07"]

1. e4 Nf6 2. e5 Nd5 3. d4 d6 4. c4 Nb6 5. Nf3 Nc6 6. Bf4 dxe5 7. Bxe5 Bg4 8. c5
Nxe5 9. cxb6 Bxf3 10. gxf3 Nc6 11. Bb5 Qd5 12. Nc3 Qe6+ 13. Kf1 axb6 14. d5
Qh3+ 15. Kg1 O-O-O 16. Qa4 Rd6 17. Ne4 Rg6+ 18. Ng3 Nb8 19. Bd3 Rd6 20. Bf5+
Qxf5 21. Nxf5 Rxd5 22. Kg2 c6 23. Ng3 e6 24. Rhd1 Rb5 25. Qd4 Bc5 26. Qxg7 Rf8
27. Rac1 Be7 28. Ne4 Nd7 29. Nd6+ Bxd6 30. Rxd6 Rd8 31. Qg3 h6 32. Rdxc6+ bxc6
33. Rxc6+ Kb7 34. Qc7+ 1-0

[Event "Sydney International Challengers"]
[Site "Parramatta, NSW"]
[Date "2010.04.10"]
[Round "8.16"]
[White "Chibnall, Alana"]
[Black "Weltner, Michael"]
[Result "1-0"]
[WhiteElo "1513"]
[BlackElo "1303"]
[PlyCount "79"]
[EventDate "2010.04.07"]
[EventType "swiss"]
[EventRounds "9"]
[EventCountry "AUS"]
[SourceDate "2010.04.07"]

1. e4 c5 2. Nc3 Nc6 3. g3 d6 4. Bg2 Nf6 5. d3 e6 6. f4 Be7 7. Nge2 a6 8. O-O
O-O 9. h3 Bd7 10. g4 Nd4 11. Nxd4 cxd4 12. Ne2 Qb6 13. f5 e5 14. Ng3 Bb5 15. g5
Nd7 16. Qg4 g6 17. f6 Bd8 18. Qh4 Kh8 19. Qg4 Nc5 20. h4 Bd7 21. Qf3 Ne6 22.
Nf5 gxf5 23. exf5 Bc6 24. Qh5 Bxg2 25. g6 fxg6 26. fxg6 Qc7 27. f7 Rxf7 28.
Rxf7 Qxf7 29. gxf7 Bf6 30. Kxg2 Nf8 31. Bg5 Bg7 32. Rf1 Ng6 33. Qf3 Rc8 34. Rf2
h6 35. h5 Nf8 36. Bf6 Ne6 37. Bxg7+ Nxg7 38. f8=Q+ Rxf8 39. Qxf8+ Kh7 40. Rf7
1-0

[Event "Sydney International Challengers"]
[Site "Parramatta, NSW"]
[Date "2010.04.10"]
[Round "8.17"]
[White "Bleicher, Horst"]
[Black "Lin, Mark"]
[Result "1-0"]
[WhiteElo "1442"]
[BlackElo "775"]
[PlyCount "59"]
[EventDate "2010.04.07"]
[EventType "swiss"]
[EventRounds "9"]
[EventCountry "AUS"]
[SourceDate "2010.04.07"]

1. e4 c5 2. Nc3 Nc6 3. g3 d6 4. Bg2 Nf6 5. d3 g6 6. Nge2 Bg7 7. O-O Rb8 8. a4
a6 9. Bd2 Bd7 10. Rb1 Qc8 11. Qc1 Bh3 12. Bh6 O-O 13. Bxg7 Kxg7 14. f4 Bxg2 15.
Kxg2 b5 16. axb5 axb5 17. Nd1 Nb4 18. Qd2 Ra8 19. Ne3 Qb7 20. Kg1 Qd7 21. c3
Nc6 22. f5 Ne5 23. d4 Neg4 24. Nxg4 Nxg4 25. dxc5 Rad8 26. Qf4 Ne5 27. Rbd1 Qc6
28. cxd6 exd6 29. f6+ Kg8 30. Qh6 1-0

[Event "Sydney International Challengers"]
[Site "Parramatta, NSW"]
[Date "2010.04.10"]
[Round "8.18"]
[White "Nakauchi, Kenji"]
[Black "Mithran, Mirakla"]
[Result "0-1"]
[WhiteElo "1262"]
[BlackElo "1239"]
[PlyCount "86"]
[EventDate "2010.04.07"]
[EventType "swiss"]
[EventRounds "9"]
[EventCountry "AUS"]
[SourceDate "2010.04.07"]

1. d4 d5 2. c4 e6 3. Nc3 Nf6 4. e3 Nc6 5. Bd3 b6 6. Nf3 Nb4 7. Be2 Be7 8. Ne5
Bd7 9. Nxd7 Qxd7 10. a3 Nc6 11. cxd5 exd5 12. O-O a6 13. Bf3 O-O 14. Qb3 Rfd8
15. Re1 Na5 16. Qc2 c6 17. Na4 Rab8 18. Bd2 Nc4 19. Bb4 Nd6 20. Rac1 Rdc8 21.
Qd3 a5 22. Bxd6 Bxd6 23. Rc2 c5 24. Nc3 c4 25. Qe2 Be7 26. Qd1 b5 27. Na2 b4
28. axb4 axb4 29. Rc1 Ra8 30. Ra1 Ra7 31. Qb1 Rca8 32. b3 c3 33. Re2 h5 34. Qd3
Ra3 35. Qb1 Bd6 36. g3 h4 37. e4 dxe4 38. Bxe4 Nxe4 39. Qxe4 h3 40. Qd5 Qc7 41.
Rc2 Qe7 42. Qc4 Qe4 43. Qf1 Qxc2 0-1